00429nam a2200181Ia 4500008004100000020001800041050001400059100001600073245001800089245004000107260001500147260001600162260000900178300001500187300002700202300001000229500000800239170918s9999 xx 000 0 und d a9780590979094 bC875 1997 aCowley, Joy aMouse trap! / cby Joy Cowley and Linda McClelland. aNew York : bScholastic, c1997 a30 pages : bcolored illustration ; c22cm. a250